Irish Football League Kit Manufacturers 2025 - Statistics

General Stats
  • This quiz has been taken 5 times
  • The average score is 9 of 20
Answer Stats
Division Club Kit Manufacturer % Correct
First Division Athlone Town Nike
100%
Premier Division Sligo Rovers Umbro
100%
Premier Division St Patrick's Athletic Umbro
100%
Premier Division Bohemians O'Neills
75%
Premier Division Derry City O'Neills
75%
Premier Division Galway United O'Neills
75%
Premier Division Shelbourne O'Neills
75%
First Division Treaty United O'Neills
75%
First Division University College Dublin O'Neills
75%
Premier Division Drogheda United Macron
25%
Premier Division Shamrock Rovers Macron
25%
First Division Kerry Macron
25%
First Division Longford Town Macron
25%
First Division Wexford Macron
25%
Premier Division Waterford Puma
25%
First Division Bray Wanderers Capelli Sport
0%
First Division Finn Harps Joma
0%
First Division Dundalk Playr-fit
0%
Premier Division Cork City Rebel Army
0%
First Division Cobh Ramblers Uhlsport
0%
No matching quizzes found
Score Distribution
Percent of People with Each Score
Percentile by Number Answered
Your Score History
You have not taken this quiz